| 000 | 00795nam a2200229 a 4500 | ||
|---|---|---|---|
| 001 | 13159 | ||
| 003 | BD-JhCC | ||
| 005 | 20230715114145.0 | ||
| 008 | 190521b2018 bg |||| ||a| 000 0 ben d | ||
| 020 | _a9789849084341 | ||
| 035 | _a(BD-JhCC)13159 | ||
| 040 |
_aBD-JhCC _dBD-JhCC |
||
| 041 | _aben | ||
| 082 |
_a891.4435 _bBAN 2018 |
||
| 100 | _aবন্দ্যোপাধ্যায়, বিভূতিভূষণ | ||
| 245 |
_aজনপ্রিয় কিশোর সংকলন / _cবিভূতিভূষণ বন্দ্যোপাধ্যায় |
||
| 260 |
_aঢাকা : _bশিলা প্রকাশনী, _c২০১৮. |
||
| 300 |
_a৯৫ পৃ. : _c২২ সেমি. |
||
| 650 | _aBengali story | ||
| 942 |
_2ddc _cBK _020 |
||
| 999 |
_c13159 _d13159 |
||